LEADER 00819nam a2200193 i 4500 001 000000066311 003 CaOOAMICUS 005 20131218000000.0 008 131218s1928 xx u000 u lat u 013 $a37483 040 $aSeMil$bita 245 10$a[Ab aetate PP. Apostolicorum usque ad Conc. Nicaemum]. 300 $a257 p. 650 4$aDogma.$0(OLS)http://semarc/subject/545 700 1 $aGroot, I. F. : de .$0(OLS)http://semarc/name/90854 773 0 $tConspectus historiae dogmatum ab aetate PP. Apostolicorum usque ad saec. 13.$dRomae : Apud Aedes Universitatis Gregorianae, 1927-1930.$gPars1$w()29272 850 $aSeMil 852 $aSeMil$W1$xVenegono$y1$m2N III 105$j32464$B32464$CSeMilBibl$Z2$F32467 $81 996 $6245$a[Ab aetate PP. Apostolicorum usque ad Conc. Nicaemum]$9(OLS)http://semarc/title/105443 LEADER 00918nam a2200229 i 4500 001 000000196939 003 CaOOAMICUS 005 20170125000000.0 008 170125s1967 it u000 u ita u 013 $a175624 040 $aSeMil$bita 100 1 $aPrezzolini, Giuseppe,$d<1882-1982>.$0(OLS)http://semarc/name/2642 245 10$aIdeario /$cGiuseppe Prezzolini. 260 $aMilano :$bEdizioni del Borghese,$cstampa 1967. 300 $a241 p., [18] c. di tav. :$bill. ;$c25 cm. 490 0 $aEuropa vecchia e nuova ;$v9 830 0$aEuropa vecchia e nuova ;$v9.$0(OLS)http://semarc/title/18166 850 $aSeMil 852 $aSeMil$W1$xVenegono$y1$m1A V 46$j147502$B147502$CSeMilBibl$Z2$F216360 $81 961 $aOmaggio: Grampa dott. Cesare 996 $6245$aIdeario$9(OLS)http://semarc/title/409387 996 $6260$aMilano :$bEdizioni del Borghese$9(OLS)http://semarc/publisher/34919